England Squad Euro 2024 - Statistics

General Stats
  • This quiz has been taken 210 times
    175 since last reset
  • The average score is 23 of 26
Answer Stats
Club Position Answer % Correct
Everton GK Jordan Pickford
99%
Bayern Munich FW Harry Kane
98%
Real Madrid FW Jude Bellingham
97%
Arsenal FW Bukayo Saka
96%
Man City DF John Stones
96%
Man City DF Kyle Walker
96%
Man City FW Phil Foden
96%
Chelsea FW Cole Palmer
93%
Arsenal MF Declan Rice
93%
Arsenal GK Aaron Ramsdale
90%
Aston Villa FW Ollie Watkins
90%
Liverpool MF Trent Alexander-Arnold
90%
Crystal Palace FW Eberechi Eze
88%
Newcastle DF Kieran Trippier
88%
Brentford FW Ivan Toney
87%
Man United DF Luke Shaw
87%
Newcastle FW Anthony Gordon
85%
Crystal Palace DF Marc Guehi
85%
Liverpool DF Joe Gomez
83%
Chelsea MF Conor Gallagher
82%
West Ham FW Jarrod Bowen
82%
Crystal Palace GK Dean Henderson
81%
Man United MF Kobbie Mainoo
80%
Aston Villa DF Ezri Konsa
76%
Brighton DF Lewis Dunk
75%
Crystal Palace MF Adam Wharton
66%
No matching quizzes found
Score Distribution
Percent of People with Each Score
Percentile by Number Answered
Your Score History
You have not taken this quiz since the last reset